Medenî bilgiler Türk milletinin el kitabı (Record no. 7833)

MARC details
000 -BAŞLIK
Sabit Uzunlukta Kontrol Alanı 00981na a2200289 4500
001 - KONTROL NUMARASI
Denetim Alanı 13714
003 - KONTROL NUMARASI IDENTIFIER
Denetim Alanı MIRAKIL
005 - SON İŞLEM TARİHİ VE ZAMANI
Denetim Alanı 20181213155150.0
008 - SABİT-BOY VERİ ELEMANLARI - GENEL BİLGİLER
Sabit Uzunlukta Kontrol Alanı 170119b tu 000 0
020 ## - ULUSLARARASI STANDART KİTAP NUMARASI
Uluslararası Standart Kitap Numarası 9789759086435
035 ## - SİSTEM KONTROL NUMARASI
Sistem Kontrol Numarası 13714
040 ## - KATALOGLAMA KAYNAK
Orijinal Kataloglama Ajansı Milas
Kataloglama Dili tur
Metne Dönüştürmek Ajansı TR-AnCHP
082 ## - DEWEY ONLU SINIFLANDIRMA NUMARASI
Sınıflandırma Numarası ATA 323
Ürün Numarası A52m 2008
090 ## - SINIFLAMA NUMARASI
Sınıflama Numarası ATA 323 A52m 2008
100 ## - ANA GİRİŞ - KİŞİSEL İSİM
Kişisel Ad İnan, Afet
245 ## - BAŞLIK TABLOSU
Başlık Medenî bilgiler Türk milletinin el kitabı
Sorumluluk Tablosu, Vb yayına hazırlayan: A. Âfetinan ; günümüz Türkçesi Neriman Aydın
246 ## - UNVAN FORM VARYING
Başlık Doğru / Kısa Başlığı Medeni bilgiler Türk milletinin el kitabı
260 ## - YAYIN, DAĞITIM, VB
Yayın, Dağıtım, Vb Yeri İstanbul
Yayıncı, Dağıtıcı, Vs Adı Toplumsal dönüşüm yayınları
Yayın, Dağıtım, Vb Tarihi 2008
300 ## - FİZİKSEL TANIM
Kapsam 496 s.
Boyutlar 20 sm.
490 ## - SERİSİ TABLOSU
Seri Beyanı Araştırma ve İnceleme
Hacim / Ardışık Tanımı 145
490 ## - SERİSİ TABLOSU
Seri Beyanı Toplumsal Dönüşüm Yayınları
Hacim / Ardışık Tanımı 341
600 ## - KONU KATMA GİRİŞ - KURUMSAL ADI
Kişisel Ad Atatürk, Mustafa Kemal
Bir Adıyla İlişkilendirilen Tarihler 1881-1938
Genel Alt Bölümü Atatürk devrimleri
650 ## - KONU KATMA GİRİŞ - TOPİKAL DÖNEM
Topikal Süreli Veya Coğrafi Ad Giriş Elemanı Devlet ve yurttaş
Coğrafi Alt Bölümü Türkiye
650 ## - KONU KATMA GİRİŞ - TOPİKAL DÖNEM
Topikal Süreli Veya Coğrafi Ad Giriş Elemanı Yurttaşlık
Genel Alt Bölümü Elkitapları
Coğrafi Alt Bölümü Türkiye
700 ## - KATMA GİRİŞ - KİŞİSEL İSİM
Kişisel Ad Aydın, Neriman
942 ## - EKLENDİ GİRİŞ ELEMANLARI (KOHA)
Sınıflandırma Veya Raf Düzeni Kaynak Dewey Decimal Classification
Koha Öğesi Türü Books
999 ## - SİSTEM KONTROL NUMARALARI (KOHA)
Koha Biblionumber 7833
Koha Biblioitemnumber 7833
Holdings
Kalıcı Konum Mevcut Konum Edinme Tarihi Edinim Kaynak Toplam Check-Out'Lar Tam Çağrı Numarası Barkod Tarih Son Görülme İtibaren Geçerli Fiyatlar Koha Öğesi Türü
CHP Kütüphanesi CHP Kütüphanesi 08/16/2016 Bağış   ATA 323 A52m 2008 001651 08/16/2016 08/16/2016 Books